| 000 | 00547nam a2200205 a 4500 | ||
|---|---|---|---|
| 008 | 960126s1965||||[C 0 cze c | ||
| 040 |
_aSNK _bslo _cSNK _eAACR2 |
||
| 041 | 1 | _aslo | |
| 044 |
_axo _cSK |
||
| 080 | _a141.82 | ||
| 245 | 1 | 0 | _aZáklady vedeckého komunizmu |
| 250 | _a3. vyd. | ||
| 260 |
_aBratislava _bVPL _c1965 |
||
| 300 |
_a349, [10] s. _c21 cm |
||
| 490 | 0 | _aUčebnice pro střední stupeň stranického vzdělávaní | |
| 700 | 1 |
_aAfanasiev, V.G. _4com |
|
| 700 | 1 |
_aMervart, Miroslav _4trl |
|
| 020 | _c19,50 | ||
| 958 | _aA | ||
| 999 |
_c15524 _d15524 |
||